<?xml version="1.0" encoding="UTF-8"?>
<record
    xmlns:xsi="http://www.w3.org/2001/XMLSchema-instance"
    xsi:schemaLocation="http://www.loc.gov/MARC21/slim http://www.loc.gov/standards/marcxml/schema/MARC21slim.xsd"
    xmlns="http://www.loc.gov/MARC21/slim">

  <leader>00651nam a22002415i 4500</leader>
  <controlfield tag="003">IMU CC</controlfield>
  <controlfield tag="005">20260223113734.0</controlfield>
  <controlfield tag="008">190620s2019    cou           000 0 eng  </controlfield>
  <datafield tag="020" ind1=" " ind2=" ">
    <subfield code="a">9781529718522</subfield>
  </datafield>
  <datafield tag="040" ind1=" " ind2=" ">
    <subfield code="a">IMU CC</subfield>
  </datafield>
  <datafield tag="041" ind1="0" ind2=" ">
    <subfield code="a">eng</subfield>
  </datafield>
  <datafield tag="082" ind1="0" ind2="0">
    <subfield code="2">23</subfield>
    <subfield code="a">153.42</subfield>
    <subfield code="b">CHA</subfield>
  </datafield>
  <datafield tag="100" ind1=" " ind2=" ">
    <subfield code="a">Chatfield, Tom</subfield>
    <subfield code="e">author.</subfield>
    <subfield code="9">4448</subfield>
  </datafield>
  <datafield tag="245" ind1="1" ind2="0">
    <subfield code="a">Critical thinking: </subfield>
    <subfield code="b">your essential guide /</subfield>
    <subfield code="c">Tom Chatfield.</subfield>
  </datafield>
  <datafield tag="250" ind1=" " ind2=" ">
    <subfield code="a">2nd ed.</subfield>
  </datafield>
  <datafield tag="260" ind1=" " ind2=" ">
    <subfield code="a">London:</subfield>
    <subfield code="b">SAGE Publications,</subfield>
    <subfield code="c">2022.</subfield>
  </datafield>
  <datafield tag="300" ind1=" " ind2=" ">
    <subfield code="a">xi, 370 p.;</subfield>
    <subfield code="c">24 cm.</subfield>
  </datafield>
  <datafield tag="336" ind1=" " ind2=" ">
    <subfield code="a">text</subfield>
    <subfield code="b">txt</subfield>
    <subfield code="2">rdacontent</subfield>
  </datafield>
  <datafield tag="650" ind1=" " ind2="0">
    <subfield code="a">Being reasonable</subfield>
    <subfield code="9">4449</subfield>
  </datafield>
  <datafield tag="650" ind1=" " ind2="0">
    <subfield code="a">Cognitive bias</subfield>
    <subfield code="9">4450</subfield>
  </datafield>
  <datafield tag="856" ind1=" " ind2=" ">
    <subfield code="y">BK</subfield>
  </datafield>
  <datafield tag="942" ind1=" " ind2=" ">
    <subfield code="c">BK</subfield>
    <subfield code="2">ddc</subfield>
  </datafield>
  <datafield tag="999" ind1=" " ind2=" ">
    <subfield code="c">10331</subfield>
    <subfield code="d">10331</subfield>
  </datafield>
  <datafield tag="952" ind1=" " ind2=" ">
    <subfield code="0">0</subfield>
    <subfield code="1">0</subfield>
    <subfield code="2">ddc</subfield>
    <subfield code="4">0</subfield>
    <subfield code="7">0</subfield>
    <subfield code="a">IMUU</subfield>
    <subfield code="b">IMUU</subfield>
    <subfield code="c">GEN</subfield>
    <subfield code="d">2025-11-03</subfield>
    <subfield code="e">M/s. T V Enterprises; 414/25-26 Dt.13.10.2025</subfield>
    <subfield code="g">2430.00</subfield>
    <subfield code="l">0</subfield>
    <subfield code="o">153.42 CHA</subfield>
    <subfield code="p">24014</subfield>
    <subfield code="r">2025-11-03 15:02:22</subfield>
    <subfield code="w">2025-11-03</subfield>
    <subfield code="y">BK</subfield>
  </datafield>
  <datafield tag="952" ind1=" " ind2=" ">
    <subfield code="0">0</subfield>
    <subfield code="1">0</subfield>
    <subfield code="2">ddc</subfield>
    <subfield code="4">0</subfield>
    <subfield code="7">0</subfield>
    <subfield code="a">IMUU</subfield>
    <subfield code="b">IMUU</subfield>
    <subfield code="c">GEN</subfield>
    <subfield code="d">2025-11-03</subfield>
    <subfield code="e">M/s. T V Enterprises; 414/25-26 Dt.13.10.2025</subfield>
    <subfield code="g">2430.00</subfield>
    <subfield code="l">0</subfield>
    <subfield code="o">153.42 CHA</subfield>
    <subfield code="p">24015</subfield>
    <subfield code="r">2025-11-03 15:02:22</subfield>
    <subfield code="w">2025-11-03</subfield>
    <subfield code="y">BK</subfield>
  </datafield>
  <datafield tag="952" ind1=" " ind2=" ">
    <subfield code="0">0</subfield>
    <subfield code="1">0</subfield>
    <subfield code="2">ddc</subfield>
    <subfield code="4">0</subfield>
    <subfield code="7">0</subfield>
    <subfield code="a">IMUU</subfield>
    <subfield code="b">IMUU</subfield>
    <subfield code="c">GEN</subfield>
    <subfield code="d">2025-11-03</subfield>
    <subfield code="e">M/s. T V Enterprises; 414/25-26 Dt.13.10.2025</subfield>
    <subfield code="g">2430.00</subfield>
    <subfield code="l">0</subfield>
    <subfield code="o">153.42 CHA</subfield>
    <subfield code="p">24016</subfield>
    <subfield code="r">2025-11-03 15:02:22</subfield>
    <subfield code="w">2025-11-03</subfield>
    <subfield code="y">BK</subfield>
  </datafield>
  <datafield tag="952" ind1=" " ind2=" ">
    <subfield code="0">0</subfield>
    <subfield code="1">0</subfield>
    <subfield code="2">ddc</subfield>
    <subfield code="4">0</subfield>
    <subfield code="7">0</subfield>
    <subfield code="a">IMUU</subfield>
    <subfield code="b">IMUU</subfield>
    <subfield code="c">GEN</subfield>
    <subfield code="d">2025-11-03</subfield>
    <subfield code="e">M/s. T V Enterprises; 414/25-26 Dt.13.10.2025</subfield>
    <subfield code="g">2430.00</subfield>
    <subfield code="l">0</subfield>
    <subfield code="o">153.42 CHA</subfield>
    <subfield code="p">24017</subfield>
    <subfield code="r">2025-11-03 15:02:22</subfield>
    <subfield code="w">2025-11-03</subfield>
    <subfield code="y">BK</subfield>
  </datafield>
  <datafield tag="952" ind1=" " ind2=" ">
    <subfield code="0">0</subfield>
    <subfield code="1">0</subfield>
    <subfield code="2">ddc</subfield>
    <subfield code="4">0</subfield>
    <subfield code="7">0</subfield>
    <subfield code="a">IMUU</subfield>
    <subfield code="b">IMUU</subfield>
    <subfield code="c">GEN</subfield>
    <subfield code="d">2025-11-03</subfield>
    <subfield code="e">M/s. T V Enterprises; 414/25-26 Dt.13.10.2025</subfield>
    <subfield code="g">2430.00</subfield>
    <subfield code="l">0</subfield>
    <subfield code="o">153.42 CHA</subfield>
    <subfield code="p">24018</subfield>
    <subfield code="r">2025-11-03 15:02:22</subfield>
    <subfield code="w">2025-11-03</subfield>
    <subfield code="y">BK</subfield>
  </datafield>
  <datafield tag="952" ind1=" " ind2=" ">
    <subfield code="0">0</subfield>
    <subfield code="1">0</subfield>
    <subfield code="2">ddc</subfield>
    <subfield code="4">0</subfield>
    <subfield code="7">0</subfield>
    <subfield code="a">IMUU</subfield>
    <subfield code="b">IMUU</subfield>
    <subfield code="c">GEN</subfield>
    <subfield code="d">2025-11-03</subfield>
    <subfield code="e">M/s. T V Enterprises; 414/25-26 Dt.13.10.2025</subfield>
    <subfield code="g">2430.00</subfield>
    <subfield code="l">0</subfield>
    <subfield code="o">153.42 CHA</subfield>
    <subfield code="p">24019</subfield>
    <subfield code="r">2025-11-03 15:02:22</subfield>
    <subfield code="w">2025-11-03</subfield>
    <subfield code="y">BK</subfield>
  </datafield>
  <datafield tag="952" ind1=" " ind2=" ">
    <subfield code="0">0</subfield>
    <subfield code="1">0</subfield>
    <subfield code="2">ddc</subfield>
    <subfield code="4">0</subfield>
    <subfield code="7">0</subfield>
    <subfield code="a">IMUU</subfield>
    <subfield code="b">IMUU</subfield>
    <subfield code="c">GEN</subfield>
    <subfield code="d">2025-11-03</subfield>
    <subfield code="e">M/s. T V Enterprises; 414/25-26 Dt.13.10.2025</subfield>
    <subfield code="g">2430.00</subfield>
    <subfield code="l">0</subfield>
    <subfield code="o">153.42 CHA</subfield>
    <subfield code="p">24020</subfield>
    <subfield code="r">2025-11-03 15:02:22</subfield>
    <subfield code="w">2025-11-03</subfield>
    <subfield code="y">BK</subfield>
  </datafield>
  <datafield tag="952" ind1=" " ind2=" ">
    <subfield code="0">0</subfield>
    <subfield code="1">0</subfield>
    <subfield code="2">ddc</subfield>
    <subfield code="4">0</subfield>
    <subfield code="7">0</subfield>
    <subfield code="a">IMUU</subfield>
    <subfield code="b">IMUU</subfield>
    <subfield code="c">GEN</subfield>
    <subfield code="d">2025-11-03</subfield>
    <subfield code="e">M/s. T V Enterprises; 414/25-26 Dt.13.10.2025</subfield>
    <subfield code="g">2430.00</subfield>
    <subfield code="l">0</subfield>
    <subfield code="o">153.42 CHA</subfield>
    <subfield code="p">24021</subfield>
    <subfield code="r">2025-11-03 15:02:22</subfield>
    <subfield code="w">2025-11-03</subfield>
    <subfield code="y">BK</subfield>
  </datafield>
  <datafield tag="952" ind1=" " ind2=" ">
    <subfield code="0">0</subfield>
    <subfield code="1">0</subfield>
    <subfield code="2">ddc</subfield>
    <subfield code="4">0</subfield>
    <subfield code="7">0</subfield>
    <subfield code="a">IMUU</subfield>
    <subfield code="b">IMUU</subfield>
    <subfield code="c">GEN</subfield>
    <subfield code="d">2025-11-03</subfield>
    <subfield code="e">M/s. T V Enterprises; 414/25-26 Dt.13.10.2025</subfield>
    <subfield code="g">2430.00</subfield>
    <subfield code="l">0</subfield>
    <subfield code="o">153.42 CHA</subfield>
    <subfield code="p">24022</subfield>
    <subfield code="r">2025-11-03 15:02:22</subfield>
    <subfield code="w">2025-11-03</subfield>
    <subfield code="y">BK</subfield>
  </datafield>
  <datafield tag="952" ind1=" " ind2=" ">
    <subfield code="0">0</subfield>
    <subfield code="1">0</subfield>
    <subfield code="2">ddc</subfield>
    <subfield code="4">0</subfield>
    <subfield code="7">0</subfield>
    <subfield code="a">IMUU</subfield>
    <subfield code="b">IMUU</subfield>
    <subfield code="c">GEN</subfield>
    <subfield code="d">2025-11-03</subfield>
    <subfield code="e">M/s. T V Enterprises; 414/25-26 Dt.13.10.2025</subfield>
    <subfield code="g">2430.00</subfield>
    <subfield code="l">0</subfield>
    <subfield code="o">153.42 CHA</subfield>
    <subfield code="p">24023</subfield>
    <subfield code="r">2025-11-03 15:02:22</subfield>
    <subfield code="w">2025-11-03</subfield>
    <subfield code="y">BK</subfield>
  </datafield>
</record>
